000 00711nam a22002417a 4500
003 UA-OsUOA
001 30062
007 ta
008 20041103b un ||||| |||| 00| 0 ukr d
100 _aСеменов-Тянь-Шанский П.П.
090 _a910.4(235.216)
_bС30
942 _cBK
040 _aUA-OsUOA
_brus
_cUA-OsUOA
_dUA-OsUOA
245 _aПутешествие в Тянь-Шань
300 _a280 с.
_bІлюстрації
955 _a0
041 _arus
080 _a910.4(235.216)
260 _aМосква
_bГосударственное издательство географической литературы
_c1958
044 _aRU
650 7 _2UDC
999 _c316468
_d316468